Sports Quiz

Random Sports or Football Quiz

Speed Sports II Quiz Stats

Quiz Updated Jun 12, 2017

Also try: Speed Jumble
Challenge
Share
Tweet
Embed
Score 0/24 Timer 02:00
1 Play Today
Division Team % Correct
AFC EastMiami Dolphins....
98.8%
Central Division (NBA)Chicago Bulls...
93.1%
AL CentralDetroit Tigers...
91.7%
AFC SouthIndianapolis Colts...
85.8%
Atlantic Division (NHL)Ottawa Senators...
85%
Southeast Division (NBA)Charlotte Hornets...
84.8%
AL WestHouston Astros...
84%
Metropolitan DivisionCarolina Hurricanes...
79.4%
AFC NorthCleveland Browns...
76.1%
AFC WestKansas City Chiefs...
74.6%
Atlantic Division (NBA)New York Knicks...
74.3%
Central Division (NHL)St. Louis Blues...
71.1%
Division Team % Correct
AL EastBaltimore Orioles...
69.3%
Southwest Division (NBA)Memphis Grizzlies..
67.1%
NFC EastWashington Redskins...
63.5%
Pacific Division (NBA)Sacramento Kings..
60.5%
NL EastPhiladelphia Phillies...
60.4%
NFC SouthNew Orleans Saints...
57.1%
NFC NorthGreen Bay Packers...
51.8%
NL CentralChicago Cubs...
51.3%
Pacific Division (NHL) San Jose Sharks...
46.8%
NFC WestArizona Cardinals...
46.5%
NL WestColorado Rockies...
45.3%
Northwest Division (NBA)Utah Jazz...
39.3%

You're not logged in!

Compare scores with friends on all Sporcle quizzes.
Sign Up with Email
OR
Log In

You Might Also Like...

Show Comments

Extras

Top Quizzes Today


Score Distribution

Your Account Isn't Verified!

In order to create a playlist on Sporcle, you need to verify the email address you used during registration. Go to your Sporcle Settings to finish the process.